Military tribunals and international crimes (Record no. 478141)

000 -LEADER
fixed length control field 00349cam a22001217a 4500
008 - FIXED-LENGTH DATA ELEMENTS--GENERAL INFORMATION
fixed length control field 180718b1954 xxu||||| |||| 00| 0 eng d
082 ## - DEWEY DECIMAL CLASSIFICATION NUMBER
Classification number D44 Ap52
100 ## - MAIN ENTRY--PERSONAL NAME
Personal name Appleman, J.A.
245 ## - TITLE STATEMENT
Title Military tribunals and international crimes
Statement of responsibility, etc. by J.A.Appleman
260 ## - PUBLICATION, DISTRIBUTION, ETC.
Place of publication, distribution, etc. Indianapolis
Name of publisher, distributor, etc. Bobbs - Merrill
Date of publication, distribution, etc. 1954
300 ## - PHYSICAL DESCRIPTION
Extent 421p.
650 ## - SUBJECT ADDED ENTRY--TOPICAL TERM
Topical term or geographic name entry element War crime trials
Holdings
Withdrawn status Lost status Damaged status Not for loan Permanent Location Current Location Date acquired Full call number Barcode Date last seen Price effective from Koha item type
        Indian Institute of Public Administration Indian Institute of Public Administration 2018-08-04 D44 Ap52 GR523 2018-08-04 2018-08-04 GR

Powered by Koha